000 00450pab a2200169 454500
008 180718b2008 xxu||||| |||| 00| 0 eng d
100 _aBehera, Subrata Kumar
245 _aAddressing physical connectivity in eastern South Asia (challenges and prospects)
260 _c2008
300 _ap.45-66.
362 _aMar
650 _aTransport - South Asia
650 _aTransport
773 _aMan and Development
908 _aN
909 _a78010
999 _c78010
_d78010